Beyond tradition: The dynamic reforms of Indian civil services (Record no. 527667)
[ view plain ]
| 000 -LEADER | |
|---|---|
| fixed length control field | 01544nam a22001577a 4500 |
| 008 - FIXED-LENGTH DATA ELEMENTS--GENERAL INFORMATION | |
| fixed length control field | 240913b ||||| |||| 00| 0 eng d |
| 100 ## - MAIN ENTRY--PERSONAL NAME | |
| Personal name | Patel, Amit and Kandasamy, S. |
| 245 ## - TITLE STATEMENT | |
| Title | Beyond tradition: The dynamic reforms of Indian civil services |
| 260 ## - PUBLICATION, DISTRIBUTION, ETC. (IMPRINT) | |
| Place of publication, distribution, etc | Bihar Journal of Public Administration |
| 300 ## - PHYSICAL DESCRIPTION | |
| Extent | 21(1), Jan-Jun, 2024: p.241-250 |
| 520 ## - SUMMARY, ETC. | |
| Summary, etc | India’s civil service has played a crucial role in the country’s governance since independence. In light of globalization, technological advancements, and evolving public expectations, reforms were needed to address the challenges of the changing times. This article examines how dynamic reforms have transformed India’s bureaucratic system by highlighting the significance of these reforms. The article provides a comprehensive overview of key reforms implemented over the years. This paper examines the impact of these reforms on efficiency, transparency, and accountability in the civil service with new public management, ultimately providing insight into what could be accomplished in the future. It examines the innovative reforms undertaken to ensure the relevance and effectiveness of India’s civil services in the 21st century. – Reproduced http://www.iipabiharbranch.org/upload/BJPA_Vol.%20XXI%20No.%201%20Jan-June.%202024.pdf |
| 650 ## - SUBJECT ADDED ENTRY--TOPICAL TERM | |
| Topical term or geographic name as entry element | Indian civil service, New public management, 21st century reforms, Transparency, Accountability. |
| 9 (RLIN) | 47636 |
| 773 ## - HOST ITEM ENTRY | |
| Main entry heading | Bihar Journal of Public Administration |
| 906 ## - LOCAL DATA ELEMENT F, LDF (RLIN) | |
| Subject DIP | CIVIL SERVICES |
| 942 ## - ADDED ENTRY ELEMENTS (KOHA) | |
| Item type | Articles |
| Withdrawn status | Lost status | Source of classification or shelving scheme | Damaged status | Not for loan | Permanent location | Current location | Date acquired | Serial Enumeration / chronology | Barcode | Date last seen | Koha item type |
|---|---|---|---|---|---|---|---|---|---|---|---|
| Indian Institute of Public Administration | Indian Institute of Public Administration | 2024-09-13 | 21(1), Jan-Jun, 2024: p.241-250 | AR133103 | 2024-09-13 | Articles |
